| 000 | 00664nam a2200169 a 4500 | ||
|---|---|---|---|
| 008 | 130403s2001 ||||||||||||||||| || u | ||
| 020 | _a0030336287 | ||
| 050 | _aQC 23 KIR | ||
| 100 | _aKirkpatrick, Larry D | ||
| 245 | 1 | 0 |
_aPhysics: a world view. (4th ed.) _cby Larry D. Kirkpatrick and Gerald F. Wheeler |
| 250 | _a4th ed. | ||
| 260 |
_aPhiladelphia: _bHarcourt College Publishers _c2001 |
||
| 300 | _axxxiii, 699p. various pagings. : ill. | ||
| 650 | _aPHYSICS--TEXTBOOKS | ||
| 700 | _aWheeler,Gerald F | ||
| 995 |
_FCBU-MAIN LIBRARY (Kitwe) _M1 _UAVAILABLE _WMay 10, 2013 _ZMain Library Open Access Collection |
||
| 999 |
_c53595 _d53595 |
||